একটি মিথ্যার পোষ্টমর্টেম। (Record no. 4750)
[ view plain ]
| 000 -LEADER | |
|---|---|
| fixed length control field | 00569nam a2200157Ia 4500 |
| 008 - FIXED-LENGTH DATA ELEMENTS--GENERAL INFORMATION | |
| fixed length control field | 151213s9999 xx 000 0 und d |
| 020 ## - INTERNATIONAL STANDARD BOOK NUMBER | |
| International Standard Book Number | 984-8298-95-9 |
| 100 ## - MAIN ENTRY--PERSONAL NAME | |
| Personal name | খায়রুল হাসান। |
| 245 ## - TITLE STATEMENT | |
| Title | একটি মিথ্যার পোষ্টমর্টেম। |
| Statement of responsibility, etc. | খায়রুল হাসান। |
| 260 ## - PUBLICATION, DISTRIBUTION, ETC. (IMPRINT) | |
| Place of publication, distribution, etc. | ঢাকা। |
| Name of publisher, distributor, etc. | ঞ্জ্যান বিতরনি। |
| Date of publication, distribution, etc. | 2006 |
| 300 ## - PHYSICAL DESCRIPTION | |
| Extent | 9284 p. |
| 650 ## - SUBJECT ADDED ENTRY--TOPICAL TERM | |
| Topical term or geographic name as entry element | Bangla |
| 650 ## - SUBJECT ADDED ENTRY--TOPICAL TERM | |
| Topical term or geographic name as entry element | উপন্যাস |
| 700 ## - ADDED ENTRY--PERSONAL NAME | |
| Personal name | খায়রুল হাসান। |
No items available.
